Loading...

മലയാളഭാഷയ്ക്കും സാഹിത്യത്തിനും രാജവംശങ്ങളുടെ സംഭാവന

Bibliografiske detaljer
Main Authors: S K Vasanthan, എസ് കെ വസന്തന്‍
Format: Ph.D Thesis
Udgivet: Kaladi; Sree Sankara College;
Fag:
LEADER 00814nam a22001697a 4500
082 |a 410  |b VAS/C 
100 |a S K Vasanthan  |9 291380 
100 |a എസ് കെ വസന്തന്‍  |9 291381 
240 |a Contribution Of The Royal Families To Malayalam Language And Literature 
245 |a മലയാളഭാഷയ്ക്കും സാഹിത്യത്തിനും രാജവംശങ്ങളുടെ സംഭാവന 
260 |a Kaladi;  |b Sree Sankara College; 
300 |a 1061P. 
650 |a Malayalam; Linguistics  |9 291382 
650 |a മലയാളം; ഭാഷാശാസ്ത്രം  |9 291383 
942 |c BK 
999 |c 68013  |d 68013 
952 |0 0  |1 0  |4 0  |6 410_000000000000000_VAS_C  |7 0  |8 ThesisPhd  |9 80855  |a MAL  |b MAL  |d 2016-11-11  |e TE721  |l 0  |o 410 VAS/C  |p MALTE000721  |r 2016-11-11  |t 1  |w 2016-11-11  |y TH